Une info, un pays - Statistiques

Statistiques générales
  • Ce quiz a été pris 68 fois
    58 depuis la dernière actualisation
  • Le résultat moyen est 6 sur 15
Statistiques - réponses
Hint Réponse % Correct
Pays le plus long du monde Chili
80%
Pays comportant 3 capitales Afrique du sud
78%
Pays berceau de la démocratie Grèce
67%
Pays avec plus de moutons que d'habitants Nouvelle Zélande
56%
Pays produisant le plus d'huile d'olives Espagne
50%
Pays d'Afrique avec la plus longue façade maritime Maroc
46%
Pays ayant le plus de frontières France
41%
Pays ayant la densité de population la plus faible Mongolie
41%
Pays avec 22 langues officielles Inde
31%
Pays inventeur de la pizza Hawaienne Canada
22%
Le plus grand pays enclavé Kazakhstan
19%
Pays le moins visité Nauru
17%
Pays inventeur du Rubik's Cube Hongrie
13%
Pays le plus pauvre (PIB) Burundi
6%
Pays d'où provient le limbo Trinité-et-Tobago
4%
Aucun quiz correspondant
Distribution des résultats
% des personnes avec chaque résultat
Percentile par nombre de réponses
Votre historique - résultats
Vous n’avez pas pris ce quiz depuis la dernière actualisation